000 03398nam0a22004451 4500
001 rc\9725
005 20260405055354.0
010 _a5-85220-487-0
_910000
035 _a(NLR Aleph) 005298922
090 _a6268741
_c6268741
100 _a20021204d1996 |||y0rusy50 ca
101 0 _arus
102 _aRU
105 _aa |||||||||
200 1 _aВо цвете лет
_fШмуэль Иосеф Агнон
_gПер. с иврита, [предисл., послесл. и коммент.] И. Шамира
210 _aМ.
_cПанорама
_d1996
215 _a348, [2] с., [1] л. портр.
_d21
225 1 _aЛауреаты Нобелевской премии
300 _aНа обл. только авт. и загл. сер.
327 1 _aСодерж.: Повести: В сердцевине морей; Во цвете лет; Эдо и эйнам; Рассказы: Почему учителя нашего мудреца рабби Израиля Иссерляина не сразу впустили в рай по кончине; Пляска смерти; Клинок Добуша; Деяния посланца из Святой Земли, да возведется она и отстроится; Прах Земли Израиля; Под деревом; Три главы из романа "Сретение невесты"; Свет Торы; Три сестры; Правые стези; Речь при получении Нобелевской премии
464 0 _12001#$aВ сердцевине морей
_tВ сердцевине морей
464 0 _12001#$aВо цвете лет
_tВо цвете лет
464 0 _12001#$aЭдо и эйнам
_tЭдо и эйнам
464 0 _12001#$aПочему учителя нашего мудреца рабби Израиля Иссерляина не сразу впустили в рай по кончине
_tПочему учителя нашего мудреца рабби Израиля Иссерляина не сразу впустили в рай по кончине
464 0 _12001#$aПляска смерти
_tПляска смерти
464 0 _12001#$aКлинок Добуша
_tКлинок Добуша
464 0 _12001#$aДеяния посланца из Святой Земли, да возведется она и отстроится
_tДеяния посланца из Святой Земли, да возведется она и отстроится
464 0 _12001#$aПрах Земли Израиля
_tПрах Земли Израиля
464 0 _12001#$aПод деревом
_tПод деревом
464 0 _12001#$aТри главы из романа "Сретение невесты"
_tТри главы из романа "Сретение невесты"
464 0 _12001#$aСвет Торы
_tСвет Торы
464 0 _12001#$aТри сестры
_tТри сестры
464 0 _12001#$aПравые стези
_tПравые стези
464 0 _12001#$aРечь при получении Нобелевской премии
_tРечь при получении Нобелевской премии
700 1 _8rus
_7ca
_aАгнон
_bШ. Й.
_f1888-1970
_gШмуэль Йосеф
_3RU\NLR\auth\7718906
_91982
801 0 _aRU
_bNLR
_gpsbo
801 1 _aRU
_bELAR
_2rusmarc
852 _aNLR
_j96-3/10768
942 _cBOOK
980 _aNB